00777nam a2200229 a 450000100060000000300090000600800410001502000190005604000280007504100080010308200160011124501670012725000110029426000330030530000160033850000530035465000280040765000270043565000360046265000270049865000220052525756CO-ViMGA141112s2004 ck r 000 u spa d a97897080600509 aCO-ViMGAbspacCO-ViMGA aSPA04a616.024 G8310aGuía de autocuidados : brespuestas para los problemas diarios de la salud / cPhilip Hagen, editor médico en jefe ; Martha Millmam, editora médica asociada a5a ed. aMéxico : bTrillas, c2006 a299 p - il. aIncluye índice y Guía rápida de síntomas14aAUTO - ATENCION MEDICA 14aeducación SANITARIA 14aSALUD - PREGUNTAS Y RESPUESTAS 14aSEMIOLOGIA (MEDICINA) 14aURGENCIAS MEDICAS